RANCANGAN MALAYSIA KEDUA BELAS : PROJEK PENILAIAN POTENSI SUMBER UNSUR NADIR BUMI : PENILAIAN POTENSI SUMBER UNSUR NADIR BUMI DI KAWASAN BUKIT BESAR, KULIM, KEDAH / Oleh : FAKHRUDDIN AFIF BIN FAUZI, HAMDAN BIN ARIFFIN (Record no. 27221)

000 -LEADER
fixed length control field 00850nam a22001697a 4500
008 - FIXED-LENGTH DATA ELEMENTS--GENERAL INFORMATION
fixed length control field 260422b ||||| |||| 00| 0 eng d
082 04 - DEWEY DECIMAL CLASSIFICATION NUMBER
Classification number 553.8
100 00 - MAIN ENTRY--PERSONAL NAME
Personal name Fakhruddin Afif Fauzi
245 10 - TITLE STATEMENT
Title RANCANGAN MALAYSIA KEDUA BELAS : PROJEK PENILAIAN POTENSI SUMBER UNSUR NADIR BUMI : PENILAIAN POTENSI SUMBER UNSUR NADIR BUMI DI KAWASAN BUKIT BESAR, KULIM, KEDAH / Oleh : FAKHRUDDIN AFIF BIN FAUZI, HAMDAN BIN ARIFFIN
250 ## - EDITION STATEMENT
Edition statement NO. LAPORAN : JMG.KPP (REE) 02/2024
260 ## - PUBLICATION, DISTRIBUTION, ETC.
Place of publication, distribution, etc. Alor Setar, Kedah :
Name of publisher, distributor, etc. Jabatan Mineral dan Geosains Malaysia Kedah / Perlis / Pulau Pinang,
Date of publication, distribution, etc. 2024
300 ## - PHYSICAL DESCRIPTION
Extent vii, 37 pages :
Other physical details some colour illustrations ;
Dimensions 30 cm
650 10 - SUBJECT ADDED ENTRY--TOPICAL TERM
General subdivision Rare earth elements
Geographic subdivision Malaysia
-- Kedah
650 20 - SUBJECT ADDED ENTRY--TOPICAL TERM
General subdivision Mineral resources
Geographic subdivision Malaysia
-- Kedah
650 20 - SUBJECT ADDED ENTRY--TOPICAL TERM
General subdivision Geological surveys
Geographic subdivision Malaysia
-- Kedah
942 ## - ADDED ENTRY ELEMENTS (KOHA)
Source of classification or shelving scheme
Edition 23
Classification part 553.8
Holdings
Withdrawn status Lost status Source of classification or shelving scheme Damaged status Not for loan Collection code Permanent Location Current Location Date acquired Total Checkouts Full call number Date last seen Price effective from Koha item type
Available         Open Shelf JMG IBUPEJABAT JMG IBUPEJABAT 22/04/2026   553.8 FAK 22/04/2026 22/04/2026 Reports